00505nam a2200145Ia 4500008004100000020001800041050002800059100002200087245012200109260004300231300002900274500002000303521000700323650002900330140527s9999 xx 000 0 und d a9780240814971 aPN 1995.9.P7b.M24 2011 aMcCurdy, Kathy M. aShoot on location :bthe logistics of filmingon location, whatever your budget or experience /cKathy M. McCurdy. aBurlington, MA :bFocal Press,cc2011. a215 p. :bill. ;c23 cm. aIncludes index. aMA aHandbooks, manuals, etc.